Equipe de Pologne de volley JO 2024 (Homme) - Statistiques

Statistiques générales
  • Ce quiz a été pris 15 fois
  • Le résultat moyen est 7 sur 14
Statistiques - réponses
Poste Joueur % Correct
Pointu Wilfredo León
100%
Réceptionneur-Attaquant Tomasz Fornal
90%
Réceptionneur-Attaquant Kamil Semeniuk
80%
Central Norbert Huber
80%
Pointu Bartosz Kurek
60%
Central Jakub Kochanowski
60%
Réceptionneur-Attaquant Aleksander Sliwka
50%
Libéro Pawel Zatorski
50%
Réceptionneur-Attaquant Lukasz Kaczmarek
40%
Passeur Marcin Janusz
40%
Passeur Grzegorz Lomacz
30%
Central Mateusz Bieniek
20%
Selectioneur Nikola Grbic
20%
Réserviste Bartlomiej Boladz
0%
Aucun quiz correspondant
Distribution des résultats
% des personnes avec chaque résultat
Percentile par nombre de réponses
Votre historique - résultats
Vous n’avez pas pris ce quiz